01088nam a2200253Ia 450000500170000000800410001702000180005804000180007604100080009408200210010210000240012324500470014725000120019426000670020630000340027365000240030765000480033165000330037965000390041294200300045199900190048195201670050095201670066720220829134934.0210716s2008 xx 000 0 und d a9781890774585 cAIMIT LIBRARY aeng a006.37 21bBOEA aBoehm, Anne.955895 aMurachs visual basic 2008 /cBy Anne Boehm a1st ed. aMumbai :bShroff Publishers and Distributors Pvt Ltd. ,c2010 axviii, 820p ;bPB :c24.5 cm. aVisual Basic955896 aThe Visual Basic Language essentials955897 aData base programming955898 aObject Oriented Programming955899 2ddccBKe1stk006.37 BOEA c189098d189098 00102ddc40708MCAaAIMITbAIMITeAthulya Booksg600.00iBill no:ABK 505; Bill dt:2008-12l0o006.37 BOEApMCA08606r2025-07-21 00:00:00v468.00w2021-07-16yBK 00102ddc40708MCAaAIMITbAIMITeKnowledge Worldg600.00iBill no:66; Bill dt:2010-12-23l0o006.37 BOEApMCA10582r2025-07-21 00:00:00v450.00w2021-07-16yBK